| 000 | 00764nam a2200229Ia 4500 | ||
|---|---|---|---|
| 003 | GCL | ||
| 008 | 140319s9999 xx 000 0 ara d | ||
| 040 |
_aGCL / _cGCL |
||
| 082 | 0 | 4 |
_a338.9 _bم ت |
| 100 | 1 | _aمحمد عبدالعزيز عجمية | |
| 245 | 1 | 0 |
_aالتنمية الاقتصادية والاجتماعية / _cمحمد عبدالعزيز عجمية |
| 700 | 1 | _aصبحى تادرس قريصة | |
| 700 | 1 | _aاسماعيل احمد الشناوى | |
| 300 | _a328 ص | ||
| 490 |
_aكتاب _v0 |
||
| 650 | 0 | 4 | _aالاقتصاد |
| 650 | 0 | 4 | _aالتنمية الاجتماعية |
| 650 | 0 | 4 | _aالتصنيع |
| 650 | 0 | 4 | _aالتنمية الاقتصادية - تمويل |
| 650 | 0 | 4 | _aالاستيراد والتصدير |
| 942 |
_2ddc _cBK |
||
| 999 |
_c40998 _d40998 |
||